| 000 | 01823nam a2200397 c 4500 | ||
|---|---|---|---|
| 003 | BLK | ||
| 005 | 20250710141626.0 | ||
| 008 | 180408b bul|||||r ||||||| ||bul|| | ||
| 010 | _aKNG00071560000 | ||
| 020 |
_a954-474-399-5 _bиздат.: Кибеа |
||
| 040 | _aBLK | ||
| 041 |
_aBUL _cBUL |
||
| 080 |
_aПсихоанализа _b159.964.2 _x(092) _z159.964.2(092) |
||
| 080 |
_aПсихоанализата като лечебно средство _b615.851.13 _x(092) _z615.851.13(092) |
||
| 080 |
_aБиографии _b929 _x _z929 |
||
| 100 | 1 |
_aРатнер, Йозеф _eпърви автор _9293346 |
|
| 700 | 1 |
_aХристова, Магдалена _eпрев. от нем. _9370805 |
|
| 700 | 1 |
_aБайчинска, Красимира Костадинова _eнауч. ред. _9370808 |
|
| 139 |
_aРатнер, Йозеф _bР 38 |
||
| 245 | 1 | 0 |
_aПсихоанализа _bКласиците _cЙозеф Ратнер; прев. от нем. Магдалена Христова; науч. ред. Красимира Костадинова Байчинска. |
| 257 | _aDEU | ||
| 260 |
_аСофия _bКибеа _c2005 _fСофия : Д. Благоев |
||
| 300 |
_a688 с. _c24 см |
||
| 380 | _a1 | ||
| 490 | 1 | _aСерия Личности | |
| 500 | _aОриг. загл. Klassiker der Psychoanalyse / Joseph Rattner. - Офс. изд. - Съдържа и За автора ; За книгата. - Библиогр. след отд. материали. | ||
| 650 | 4 |
_aПсихоанализа _9168303 |
|
| 653 | _aпсихоанализа | ||
| 653 | _aпсихоаналитици | ||
| 852 | _aЦб 231424 | ||
| 856 | 4 |
_qpdf _u |
|
| 856 | 4 |
_qpdf _u |
|
| 942 |
_cKNG _n0 _013 |
||
| 944 |
_aCR _c13.02.2007 _k30576 _lЦветомила Тодорова |
||
| 944 |
_aED _c30.10.2008 _k |
||
| 999 |
_c67250 _d67250 |
||